00498nam a22001937a 450000500170000001000130001702000100003003500130004003700160005304000120006908200110008110000210009224500420011326000390015527000330019430000210022765000360024865000200028420170124110102.0 aA-043122 c00.00 aA-043122 bCen Lib/Ret aDPLbEN aNbALL aAllen, Elizabeth aDeitz and Denny /cby Allen Elizabeth bMacdonald & Co. Ltd.c1965aLondon aGulf House, 2 Portman Street a122p. c20cm(Hb) aFiction in English, 1900- Texts aEnglish fiction